Les plus gros transferts du football - Nés en 1992 - Statistiques

Statistiques générales
  • Ce quiz a été pris 142 fois
  • Le résultat moyen est 9 sur 10
Statistiques - réponses
Montant de transfert (M €) Saison Nationalité Venant de Allant à Joueur % Correct
222,00 2017-2018 Brésil Barcelone Paris SG Neymar
100%
90,00 2023-2024 Brésil Paris SG Al-Hilal Neymar
100%
88,00 2013-2014 Brésil Santos Barcelone Neymar
100%
42,00 2017-2018 Egypte AS Roma Liverpool Mohamed Salah
98%
45,00 2023-2024 Italie Paris SG Al-Arabi SC Marco Verratti
94%
70,65 2022-2023 Brésil Real Madrid Manchester United Casemiro
93%
135,00 2017-2018 Brésil Liverpool Barcelone Philippe Coutinho
92%
45,00 2016-2017 Suisse Borussia Mönchengladbach Arsenal Granit Xhaka
82%
62,50 2018-2019 Brésil AS Roma Liverpool Alisson
79%
66,00 2017-2018 Espagne Real Madrid Chelsea Álvaro Morata
64%
Aucun quiz correspondant
Distribution des résultats
% des personnes avec chaque résultat
Percentile par nombre de réponses
Votre historique - résultats
Vous n’avez pas pris ce quiz